Statystyki dla rzeczki

Kliknij tutaj aby rozwiązać quiz!

Ogólne statystyki

  • Ten quiz został rozwiązany 9 razy
  • Średni wynik to 14 z 37

Statystyki odpowiedzi

Odpowiedź% Poprawnych
Bug
100%
Warta
88%
Wieprz
88%
Noteć
75%
Biebrza
63%
Dunajec
63%
Nysa Kłodzka
63%
Nysa Łużycka
63%
San
63%
Wisłoka
63%
Bóbr
50%
Soła
50%
Wkra
50%
Barycz
38%
Bzura
38%
Drwęca
38%
Łyna
38%
Nida
38%
Pilica
38%
Raba
38%
Wda
38%
Brda
25%
Bystrzyca
25%
Kamienna
25%
Parsęta
25%
Pasłęka
25%
Słupia
25%
Reda
13%
Skrwa
13%
Wieprza
13%
Izera
0%
Krzna
0%
Mała Panew
0%
Orlica
0%
Prądnik
0%
Stobrawa
0%
Strwiąż
0%

Rozkład punktacji

Percentyl według liczby udzielonych odpowiedzi

Procent ludzi z każdym wynikiem

Twoja historia wyników

Nie rozwiązałeś tego quizu